Stemmi Serie A - Morte Improvvisa - Statistics

Statistiche generali
  • Questo quiz è stato fatto 1.380 volte
    391 dall'ultimo reset
  • Il punteggio medio è 14 su 20
Answers on the Grid
Answers color-coded by a green-red scale on the quiz's grid according to % correct below.
 
Statistiche sulle risposte
Risposta % Corretto
76%
74%
73%
73%
73%
71%
71%
71%
70%
70%
69%
69%
68%
67%
67%
67%
65%
62%
61%
59%
Nessun quiz corrispondente trovato
Distribuzione punteggi
Percentuale di utenti per punteggio
Percentile per numero di risposta
I tuoi punteggi nel tempo
Non hai fatto questo quiz dall'ultimo reset